| 000 | 00978nas a2200325 4500 | ||
|---|---|---|---|
| 001 | BR2011000538 | ||
| 003 | BR-BrBNA | ||
| 005 | 20231205115312.0 | ||
| 007 | ta | ||
| 008 | 230509b bl.|||p| |||| 00| 00por d | ||
| 040 |
_aBR-BrBNA _bpor _cBiblioteca Nacional de Agricultura |
||
| 041 | _a(Pt) | ||
| 072 | _aQ04 | ||
| 100 | 1 | _aArauco, E.M.R. | |
| 100 | 1 | _aFunari, S.R.C. | |
| 100 | 1 | _aDucatti, C. | |
| 100 | 1 | _aSilva, E.T. | |
| 100 | 1 | _aVenturini Filho, W.G. | |
| 100 | 1 | _aVanderlinde, R. | |
| 245 | 1 | _aVariabilidade isotópica do carbono em méis brasileiros utilizando sua proteína como padrão interno | |
| 650 | _aMEL | ||
| 650 | _aADULTERAÇÃO | ||
| 650 | _aAÇÚCAR | ||
| 650 | _aCARBONO | ||
| 650 | _aISÓTOPO | ||
| 650 | _aCONTROLE DE QUALIDADE | ||
| 773 | 0 |
_tBrazilian Journal of Food Technology (Brazil) _xISSN 1519-0900 _g(Oct-Dec 2008), v. 11(4) p. 299-304 _wBR2011000538 |
|
| 909 |
_a202311 _bLúcia _c55 _dLúcia Elande |
||
| 942 |
_2AGRIS _n0 _cANA |
||
| 999 |
_c213101 _d213101 |
||